| 000 | 00372nam a22001337a 4500 | ||
|---|---|---|---|
| 082 | _aCP-08 | ||
| 100 |
_aZarmina Akbar, Lec _950850 |
||
| 245 |
_aCommunication & interpersonal skills HU-109 course pack _ccourse pack |
||
| 250 | _aFall smester | ||
| 260 |
_aMCE _bZarmina Akbar, Lec _c2014 |
||
| 526 |
_a0 _b1 _c0 _dCP_08 |
||
| 650 |
_aCourse pack _950851 |
||
| 942 |
_2ddc _cBKB |
||
| 999 |
_c553581 _d553581 |
||